[Event "Moscow Open 2012 A"]
[Site "Moscow RUS"]
[Date "2012.02.04"]
[Round "8.84"]
[White "Gurkin,A"]
[Black "Egorov,K"]
[Result "1-0"]
[WhiteElo "2248"]
[BlackElo "2084"]

1.e4 d6 2.d4 Nf6 3.Nc3 Nbd7 4.f4 e5 5.Nf3 exd4 6.Qxd4 Nc5 7.Be3 Be7 8.O-O-O O-O
9.h3 Ne6 10.Qd2 c6 11.g4 Nc5 12.Bxc5 dxc5 13.Qe3 Qa5 14.Ne5 Qc7 15.g5 Nd7
16.Ng4 b5 17.e5 Nb6 18.Ne4 Nd5 19.Qg3 Bf5 20.Bd3 Kh8 21.Ne3 Nxe3 22.Qxe3 c4
23.Be2 Qa5 24.Kb1 Qa4 25.Bg4 Bxe4 26.Qxe4 Qb4 27.Bf5 c3 28.Qxb4 Bxb4 29.Bd7 c5
30.Bxb5 Rab8 31.a4 cxb2 32.Rd3 Rb6 33.Rhd1 h6 34.h4 Rbb8 35.Rd7 a5 36.Bc4 Bc3
37.Bxf7 Rxf7 38.Rxf7 Bd4 39.g6 Kg8 40.c3  1-0

[Event "34th Tringov Memorial"]
[Site "Plovdiv BUL"]
[Date "2012.02.04"]
[Round "8.24"]
[White "Janev,E"]
[Black "Arnaudov,P"]
[Result "1-0"]
[WhiteElo "2503"]
[BlackElo "2121"]

1.e4 d6 2.d4 Nf6 3.Nc3 c6 4.f4 Qa5 5.Bd3 e5 6.dxe5 dxe5 7.Nf3 Bg4 8.O-O Nbd7
9.h3 Bc5+ 10.Kh1 h5 11.Qe1 Bxf3 12.Rxf3 O-O-O 13.Bd2 Qc7 14.f5 Bd4 15.b4 Kb8
16.Rb1 h4 17.Ne2 a6 18.Bg5 Ba7 19.Bxh4 c5 20.c3 c4 21.Bc2 b5 22.Bg3 Kb7 23.Bh2 Nb8
24.Ng3 Nfd7 25.Nf1 f6 26.Ne3 Nb6 27.a4 bxa4 28.Ra1 Qd6 29.Rf2 Qc6 30.Re2 Qb5  1-0

[Event "Schachbundesliga 2011-12"]
[Site "Solingen GER"]
[Date "2012.02.04"]
[Round "8"]
[White "Bok,B"]
[Black "Klyuner,V"]
[Result "1/2-1/2"]
[WhiteElo "2488"]
[BlackElo "2428"]

1.e4 d6 2.d4 Nf6 3.Nc3 e5 4.Nf3 Nbd7 5.Bc4 Be7 6.O-O O-O 7.Re1 c6 8.a4 a5
9.h3 Ne8 10.Ba2 Nc7 11.Ne2 exd4 12.Nexd4 Ne5 13.Be3 Nxf3+ 14.Qxf3 Bf6 15.c3 Ne6
16.Nf5 Ng5 17.Qf4 Bxf5 18.Qxf5 g6 19.Qf4 Re8 20.Rad1 Rxe4 21.Rxd6 Rxf4 22.Rxd8+ Rxd8
23.Bxf4 Ne6 24.Be3 Be7 25.Bd4 Rd6 26.Bxe6 fxe6 27.Bc5 Rd7 28.Bxe7 Rxe7 29.Rd1 Kf7
30.Kf1 b5 31.Ra1 Rb7 32.axb5 Rxb5 33.Ra2 Re5 34.f4 Rf5 35.Ke2 h5 36.b3 h4
37.c4 Ke7 38.Ke3 e5 39.fxe5 Rxe5+ 40.Kf4 Kf6 41.Rd2 g5+ 42.Kf3 Rf5+ 43.Ke3 Re5+
44.Kd4 Ke6 45.Ra2 Kd6 46.Rf2 c5+ 47.Kd3 Kc7 48.Rf7+ Kb6 49.Rf6+ Kb7 50.Rd6 Rf5
51.Ke4 Rf1 52.Rd5 Rb1 53.Rd3 Rb2 54.Kf3 Kc6 55.g4 Ra2 56.Ke4 Ra3 57.Rf3 Kd6
58.Rf6+ Ke7 59.Rb6 a4 60.bxa4 Rxh3 61.a5 Ra3 62.a6 Kd7 63.Kd5 Kc7 64.Rg6 h3
65.Rh6 Kb8 66.Kxc5 Ka7 67.Kd5 Rg3 68.c5 Rxg4 69.Rxh3 Rg1 70.Kc6 g4 71.Rh7+ Kxa6
72.Rh2 Ka7 73.Kc7 Ra1 74.Rg2 Ra4 75.c6 Ka6 76.Kc8 Rf4 77.c7 Rf8+ 78.Kd7 Rf7+
79.Kd6 Rf8 80.Rxg4 Kb7 81.Rb4+ Ka7 82.Kd7 Rf7+ 83.Kd8 Rf8+ 84.Ke7 Rh8 85.Rh4 Rg8
86.Rb4 Rg7+ 87.Kd6 Rg6+ 88.Kc5 Rg5+ 89.Kd4 Rg4+ 90.Ke5 Rg5+ 91.Ke6 Rg6+ 92.Ke7 Rg7+
93.Kd8 Rg8+  1/2-1/2

[Event "FSGM February"]
[Site "Budapest HUN"]
[Date "2012.02.05"]
[Round "2.4"]
[White "Manca,F"]
[Black "Semiev,S"]
[Result "1-0"]
[WhiteElo "2425"]
[BlackElo "2386"]

1.e4 d6 2.d4 Nf6 3.Nc3 c6 4.f4 Qa5 5.e5 Ne4 6.Qf3 d5 7.Bd3 Nxc3 8.Bd2 e6
9.bxc3 g6 10.Ne2 Qa3 11.O-O h5 12.f5 gxf5 13.Ng3 Qe7 14.Nxh5 Qh4 15.Nf6+ Kd8
16.Bf4 Nd7 17.c4 Bh6 18.g3 Qh3 19.Qe2 Bxf4 20.Rxf4 dxc4 21.Bxc4 b6 22.a4 a5
23.Rb1 Rb8 24.Bd3 Ke7 25.c3 b5 26.axb5 cxb5 27.d5 Nxe5 28.Qxe5 Qxh2+ 29.Kf1 Qxg3
30.Qc7+ Bd7 31.Be4 Qh3+ 32.Kf2 Kxf6 33.Rh1 Rbc8 34.Qd6 Qxh1 35.Rxf5+ Kg7
36.Rxf7+ Kxf7 37.Qxd7+  1-0

[Event "Moscow Open F 2012"]
[Site "Moscow RUS"]
[Date "2012.02.05"]
[Round "9.4"]
[White "Gutenev,A"]
[Black "Piskunov,A"]
[Result "1/2-1/2"]
[WhiteElo "2339"]
[BlackElo "2318"]

1.e4 d6 2.d4 Nf6 3.Nc3 e5 4.Nf3 Nbd7 5.Bc4 Be7 6.O-O O-O 7.Re1 c6 8.a4 exd4
9.Nxd4 Ne5 10.Ba2 Re8 11.h3 Bf8 12.Bg5 h6 13.Bh4 Ng6 14.Bg3 Qa5 15.Qd2 Nh5
16.Bh2 Qg5 17.Qxg5 hxg5 18.Rad1 Nhf4 19.Nce2 Bd7 20.Nxf4 Nxf4 21.Nf3 Be7
22.e5 d5 23.Bxf4 gxf4 24.c4 Bb4 25.Rf1 Rad8 26.cxd5 cxd5 27.Bb3 b5 28.Bxd5 bxa4
29.Rd4 Be6 30.Bxe6 Rxd4 31.Nxd4 fxe6 32.Nc6 a5 33.Ra1 Rc8 34.Nxb4 axb4 35.Rxa4 Rc1+
36.Kh2 Rc2 37.Rxb4 Rxf2 38.Kg1 Re2 39.b3 Rb2 40.h4 Kh7 41.Rb6 g6 42.Kf1 Kh6
43.b4 Kh5 44.Rxe6 Rxb4 45.Kf2 Rb3 46.Rf6 g5 47.hxg5 Kxg5 48.Rf8 Re3 49.Re8 Kf5  1/2-1/2

[Event "Moscow Open Women 2012"]
[Site "Moscow RUS"]
[Date "2012.02.05"]
[Round "9.43"]
[White "Karmanova,M"]
[Black "Morozova,Ulia"]
[Result "1-0"]
[WhiteElo "2030"]
[BlackElo "1880"]

1.e4 d6 2.d4 Nf6 3.Nc3 e5 4.Nf3 Nbd7 5.Bc4 Be7 6.Ng5 O-O 7.Bxf7+ Rxf7 8.Ne6 Qe8
9.Nxc7 Qd8 10.Nxa8 exd4 11.Qxd4 d5 12.Bg5 Bc5 13.Bxf6 Qa5 14.Qa4 Qxa4 15.Nxa4 Rxf6
16.Nxc5 Nxc5 17.Nc7 dxe4 18.Nd5 Re6 19.O-O-O Bd7 20.Ne3 Ra6 21.b4  1-0

[Event "34th Tringov Memorial"]
[Site "Plovdiv BUL"]
[Date "2012.02.05"]
[Round "9.6"]
[White "Spasov,V"]
[Black "Indjic,A"]
[Result "1/2-1/2"]
[WhiteElo "2570"]
[BlackElo "2427"]

1.e4 d6 2.d4 Nf6 3.Nc3 e5 4.Nf3 Nbd7 5.Bc4 Be7 6.O-O O-O 7.a4 c6 8.h3 Qa5
9.Bd2 Qc7 10.Re1 exd4 11.Nxd4 Ne5 12.Bb3 Re8 13.Kh1 Ng6 14.Qf3 a6 15.a5 Bd7
16.Qg3 Nh5 17.Qf3 Nf6 18.Qg3 Nh5 19.Qf3 Nf6 20.Qg3  1/2-1/2

[Event "FSGM February"]
[Site "Budapest HUN"]
[Date "2012.02.07"]
[Round "4.5"]
[White "Harutjunyan,G"]
[Black "Semiev,S"]
[Result "1-0"]
[WhiteElo "2482"]
[BlackElo "2386"]

1.e4 d6 2.d4 Nf6 3.Nc3 Nbd7 4.g4 h6 5.Be3 e5 6.h3 c6 7.Bg2 b5 8.a3 Bb7 9.Nge2 a5
10.O-O b4 11.Na4 exd4 12.Nxd4 c5 13.Nf5 Ne5 14.f4 Nc4 15.Re1 g6 16.Bf2 Qc7
17.Nxc5 dxc5 18.e5 Ne4 19.Rxe4 Bxe4 20.Bxe4 Rd8 21.Qf3 Be7 22.Nxe7 Qxe7 23.Qe2 Nb6
24.axb4 axb4 25.Qb5+ Nd7 26.Ra7 O-O 27.Bc6 Qe6 28.Bxd7 Qd5 29.Qd3 Qxd3 30.cxd3 Ra8
31.Rxa8 Rxa8 32.Bxc5 b3 33.f5 Ra5 34.e6  1-0

[Event "11th Aeroflot Open A"]
[Site "Moscow RUS"]
[Date "2012.02.07"]
[Round "1"]
[White "Paikidze,N"]
[Black "Solak,D"]
[Result "1/2-1/2"]
[WhiteElo "2411"]
[BlackElo "2613"]

1.e4 d6 2.d4 Nf6 3.Nc3 e5 4.Nf3 Nbd7 5.Bc4 Be7 6.O-O O-O 7.Re1 a6 8.a4 b6
9.Nd5 Nxd5 10.Bxd5 Rb8 11.Bc6 Bf6 12.c3 Qe7 13.Qd3 Rd8 14.Nd2 Nf8 15.Nf1 Ne6
16.Ne3 Nf4 17.Qd1 Bd7 18.Nf5 Qe8 19.Bxd7 Qxd7 20.Bxf4 exf4 21.Qg4 g6 22.Nh6+ Kg7
23.Qxf4 Qe7 24.Ng4 Bg5 25.Qg3 h5 26.Ne3 Bxe3 27.Qxe3 b5 28.axb5 axb5 29.f4 b4
30.Ra7 Ra8 31.Rb7 Rdb8 32.Rxb8 Rxb8 33.d5 bxc3 34.Qxc3+ Qf6 35.Re2 Qxc3 36.bxc3 c6
37.dxc6 Rc8 38.Kf2 Rxc6 39.Rc2 Kf6 40.Ke3 Ke6 41.Kd4 Ra6 42.Rf2 Ra1 43.f5+ Ke7
44.Ke3 Rc1 45.Kd3 Rd1+ 46.Rd2 Rf1 47.fxg6 fxg6 48.Kc4 Ke6 49.Kd4 g5 50.Ke3 Re1+
51.Kf3 Rf1+ 52.Ke3  1/2-1/2

[Event "11th Aeroflot Open B"]
[Site "Moscow RUS"]
[Date "2012.02.07"]
[Round "1"]
[White "Grover,S"]
[Black "Huang Qian"]
[Result "1/2-1/2"]
[WhiteElo "2532"]
[BlackElo "2389"]

1.d4 d6 2.e4 Nf6 3.Nc3 e5 4.Nf3 exd4 5.Nxd4 Be7 6.Bf4 O-O 7.Qd2 Bd7 8.O-O-O Nc6
9.Be2 Nxd4 10.Qxd4 Bc6 11.g4 Nd7 12.Qd2 h6 13.Bg3 Nc5 14.Bd3 Bf6 15.Nd5 Bxd5
16.exd5 Nxd3+ 17.Qxd3 Qd7 18.f3 a6 19.Kb1 Qb5 20.Qxb5 axb5 21.Rd3 Rfd8 22.Rhd1 Re8
23.Rb3 b6 24.Rxb5 Ra4 25.Rb3 Kf8 26.a3 Re2 27.Rbd3 Ra8 28.R1d2 Re7 29.Rb3 Ra4
30.Rbd3 Ra8 31.Kc1 Ke8 32.Rd1 Kd7 33.Re1 Rae8 34.Rxe7+ Rxe7 35.b3 h5 36.a4 Re8
37.Kd1 g6 38.h3 Rh8 39.Bf2 Be5 40.b4 Kc8 41.c3 g5 42.Kc2 f5 43.Kb3 hxg4 44.fxg4 fxg4
45.hxg4 Rh2 46.Bd4 Bxd4 47.Rxd4 Rg2 48.Kc4 Rg3 49.a5 Kb7 50.Re4 Ka6 51.axb6 Kxb6
52.Kb3 Rd3 53.Rd4 Re3 54.Kc2 Kb5 55.Kd2 Rf3 56.Re4 Rg3 57.Kc2 Kb6 58.Rc4 Kb7
59.Kd2 Kc8 60.Re4 Kb7 61.Rd4 Kb6 62.Rc4 Kb7 63.Ke2 Kc8 64.Kd2 Kb7 65.Re4 Kb6
66.Kc2 Kb5 67.Kb3 Kb6 68.Kc4 Rf3 69.Kd4 Kb5 70.Re7 Kb6 71.c4 Rf4+ 72.Re4 Rf3
73.c5+ Kb5 74.c6 Kxb4 75.Re7 Rf4+ 76.Ke3 Kc5 77.Rxc7 Kxd5 78.Rg7  1/2-1/2

[Event "11th Aeroflot Open B"]
[Site "Moscow RUS"]
[Date "2012.02.09"]
[Round "3"]
[White "Nitin,S"]
[Black "Kunin,V"]
[Result "1/2-1/2"]
[WhiteElo "2399"]
[BlackElo "2537"]

1.e4 d6 2.d4 Nf6 3.Nc3 Nbd7 4.Nf3 e5 5.Bc4 Be7 6.O-O O-O 7.Re1 c6 8.a4 a5
9.Ba2 Qc7 10.h3 Rb8 11.Nh4 exd4 12.Qxd4 Nc5 13.Bf4 Ne6 14.Bxe6 Bxe6 15.Nf5 Bxf5
16.exf5 Rfe8 17.Rad1 Rbd8 18.Re3 Qd7 19.Qb6 Ra8 20.Rde1 d5 21.Be5 h5 22.Qd4 c5
23.Qd1 d4 24.Bxf6 Bxf6 25.Rxe8+ Rxe8 26.Ne4 Qxa4 27.Qxh5 Qc6 28.f3 d3 29.cxd3 Bxb2
30.Re2 Bd4+ 31.Kh2 Be5+ 32.g3 Bd4 33.g4 Re5 34.f4 Re7 35.g5 g6 36.Qg4 gxf5
37.Qxf5 Qd7 38.Qxd7 Rxd7 39.Ra2 b6 40.h4 Ra7 41.Nd6 Rd7 42.Ne4 Bh8 43.Ra3 Rd4
44.Kg2 c4 45.Kf3 Kh7 46.dxc4 Rxc4 47.f5 Be5 48.h5 a4 49.Rd3 Rc7 50.Kg4 Rc4
51.Kf3 Rd4 52.Ke3 Rxd3+ 53.Kxd3 a3 54.Nc3 Bf4 55.g6+ fxg6 56.fxg6+ Kh6 57.Kc4 Be5
58.Kb3 Kxh5 59.Nd5 Kxg6 60.Nxb6 a2  1/2-1/2

[Event "76th ch-BUL SF 2012"]
[Site "Plovdiv BUL"]
[Date "2012.02.10"]
[Round "7"]
[White "Arnaudov,P"]
[Black "Janev,E"]
[Result "0-1"]
[WhiteElo "2121"]
[BlackElo "2503"]

1.e4 d6 2.d4 Nf6 3.Nc3 c6 4.Bg5 Nbd7 5.Nf3 e5 6.Be2 Be7 7.O-O O-O 8.a4 Re8
9.Qd2 exd4 10.Nxd4 Nc5 11.f3 Nfxe4 12.Bxe7 Nxd2 13.Bxd8 Nxf1 14.Bc7 Ne3 15.Bxd6 Ne6
16.Nb3 Rd8 17.Be7 Rd7 18.Bh4 Nxc2 19.Rc1 Ncd4 20.Nxd4 Rxd4 21.Bf2 Rd8 22.Bf1 Nf4
23.Ne4 Bf5 24.Be3 Nd3 25.Rc2 Bxe4 26.fxe4 Rd7 27.b3 a6 28.Rc3 Ne5 29.Bb6 Re8
30.Be2 Rd2 31.Kf1 Nd7 32.Be3 Rd6 33.Bf3 Rde6 34.Bd4 Ne5 35.Kf2 h6 36.h3 Rd6
37.Be3 Rd3 38.Rxd3 Nxd3+ 39.Ke2 Ne5 40.Bd4 b5 41.a5 Nxf3 42.gxf3 f5 43.Ke3 Kf7
44.Bb6 fxe4 45.fxe4 Ke6 46.b4 g5 47.Kd4 Kd7 48.Ke3 Rf8 49.Bd4 h5 50.Be5 Rf1
51.Bg7 Ke6 52.Bh6 g4 53.hxg4 hxg4 54.Ke2 Rb1  0-1

[Event "Bronshoj Lang Weekend 2012"]
[Site "Copenhagen DEN"]
[Date "2012.02.11"]
[Round "2"]
[White "Eriksson,C"]
[Black "Pedersen,Stef"]
[Result "0-1"]
[WhiteElo "2151"]
[BlackElo "2432"]

1.e4 d6 2.d4 Nf6 3.Nc3 e5 4.Nf3 Nbd7 5.dxe5 dxe5 6.Bc4 Bb4 7.O-O O-O 8.Qe2 c6
9.Bg5 b5 10.Bb3 Rb8 11.a4 a6 12.axb5 axb5 13.Nb1 Be7 14.Rd1 Qc7 15.c4 Nc5
16.Bxf6 Bxf6 17.Bc2 b4 18.b3 Ne6 19.Qe3 Rb7 20.Ra8 Be7 21.Nbd2 Bc5 22.Qe1 Nf4
23.Nf1 Bg4 24.Rxf8+ Kxf8 25.Ne3 Bxf3 26.gxf3 Qc8 27.Qd2 Bd4 28.Nf5 g6 29.Qc1 Ne2+  0-1

[Event "TCh-FIN SM-Liiga 2011-12"]
[Site "Joensuu FIN"]
[Date "2012.02.11"]
[Round "8.7"]
[White "Kosmo,S"]
[Black "Porrasmaa,T"]
[Result "1/2-1/2"]
[WhiteElo "2213"]
[BlackElo "2124"]

1.e4 d6 2.d4 Nf6 3.Nc3 e5 4.Nge2 Be7 5.g3 O-O 6.Bg2 c6 7.O-O a5 8.h3 a4 9.Be3 Nbd7
10.g4 Nb6 11.Ng3 Nc4 12.Bc1 Qb6 13.g5 Ne8 14.dxe5 dxe5 15.Nf5 Bc5 16.b3 axb3
17.cxb3 Bxf5 18.exf5 Bd4 19.bxc4 Bxc3 20.Be3 Bd4 21.Rb1 Qc5 22.Bd2 Qxc4 23.Rxb7 Nd6
24.Rb4 Qd3 25.f6 Rxa2 26.Be3 Qxd1 27.Rxd1 c5 28.Rb6 Nc4 29.Bxd4 cxd4 30.Rb4 Nd6
31.f4 exf4 32.Rdxd4 Nf5 33.Rxf4 g6 34.Rb7 Ra1+ 35.Rf1 Rxf1+ 36.Bxf1 h6 37.Bd3 hxg5
38.Bxf5 gxf5 39.Rb5 Kh7 40.h4 Kg6 41.hxg5 Kxg5 42.Kf2 Kxf6 43.Kf3 Ra8 44.Kf4 Ra4+
45.Kf3 Kg5 46.Kf2 Ra3 47.Rb4 Ra7 48.Kf3 Re7 49.Rb8 Re4 50.Rf8 Kf6 51.Rh8 Ra4
52.Rf8 f4 53.Rb8 Kg5 54.Rf8 Ra3+ 55.Kf2 f6 56.Rg8+ Kf5 57.Rb8 f3 58.Rb4  1/2-1/2

[Event "11th Aeroflot Open B"]
[Site "Moscow RUS"]
[Date "2012.02.11"]
[Round "5"]
[White "Narayanan,SL"]
[Black "Gagarin,V"]
[Result "1-0"]
[WhiteElo "2320"]
[BlackElo "2417"]

1.e4 d6 2.d4 Nf6 3.Nc3 e5 4.Nf3 Nbd7 5.Bc4 Be7 6.O-O O-O 7.a4 c6 8.Re1 b6
9.d5 c5 10.a5 Rb8 11.axb6 axb6 12.Nd2 Ne8 13.Bb5 Nc7 14.Nc4 Nxb5 15.Nxb5 Nf6
16.f4 exf4 17.Bxf4 Ne8 18.e5 Bd7 19.Ncxd6 Nxd6 20.Nxd6 Bxd6 21.exd6 Qf6 22.Be5 Qg5
23.Qf3 Rbe8 24.Qg3 Qxg3 25.Bxg3 Rxe1+ 26.Rxe1 f6 27.c4 Ra8 28.Re7 Rd8 29.Kf2 Kf8
30.b3 Kg8 31.Ke3 Kf8 32.Kd2 Kg8 33.Kc3 Kf8 34.b4 cxb4+ 35.Kxb4 Kg8 36.Rxd7 Rxd7
37.Kb5 Kf8 38.Kxb6 h5 39.c5  1-0

[Event "TCh-SVK Extraliga 2011-12"]
[Site "Slovakia SVK"]
[Date "2012.02.11"]
[Round "7.7"]
[White "Betko,L"]
[Black "Klemanic,E"]
[Result "1-0"]
[WhiteElo "2208"]
[BlackElo "2194"]

1.e4 d6 2.d4 Nf6 3.Nc3 e5 4.Nf3 Nbd7 5.Be2 g6 6.O-O Bg7 7.dxe5 dxe5 8.Bg5 h6
9.Be3 O-O 10.h3 Qe7 11.Qc1 Kh7 12.Nd2 a6 13.a4 b6 14.Bf3 Bb7 15.Nb3 Qb4 16.a5 b5
17.Rd1 Rfd8 18.Nd5 Nxd5 19.exd5 Nf6 20.Bc5 Qc4 21.Be7 Rd7 22.Nd2 Qf4 23.Bxf6 Bxf6
24.g3 Qb4 25.Ne4 Be7 26.c3 Qc4 27.b3 Qxb3 28.Nd2 Qxd1+ 29.Qxd1 f5 30.c4 bxc4
31.Nxc4 e4 32.Be2 Rxd5 33.Qb3 Bc6 34.Ne3 Bf6 35.Rc1 Rd6 36.Qf7+  1-0

[Event "4NCL 2011-12"]
[Site "Sunningdale ENG"]
[Date "2012.02.11"]
[Round "5.36"]
[White "Stewart,Joseph J"]
[Black "Cuenca Jimenez,J"]
[Result "0-1"]
[WhiteElo "2101"]
[BlackElo "2474"]

1.e4 d6 2.d4 Nf6 3.Nc3 e5 4.Nf3 Nbd7 5.Bc4 Be7 6.a4 O-O 7.O-O c6 8.Qe2 exd4
9.Nxd4 Re8 10.Ba2 Bf8 11.Qc4 Ne5 12.Qe2 d5 13.exd5 Bg4 14.Qd2 cxd5 15.Nce2 Nc4
16.Bxc4 dxc4 17.f3 Bh5 18.Nf4 Bc5 19.c3 Bg6 20.Nxg6 hxg6 21.Rd1 Qe7 22.Qf2 Qe5
23.g3 Rad8 24.Bf4 Qh5 25.g4 Qd5 26.Rd2 Qd7 27.Bg5 Re5 28.Bxf6 gxf6 29.a5 Rd5
30.Rad1 Qc7 31.Qe2 Bd6 32.Kh1 Be5 33.a6 bxa6 34.Nc2 Rxd2 35.Rxd2 Rxd2 36.Qxd2 Qb7
37.Ne1 a5 38.Qe2 a4 39.Kg2 Qb3 40.h4 a3 41.bxa3 Qxa3 42.Qxc4 Qxc3 43.Qe4 Qd2+
44.Kf1 Bg3 45.Nd3 Bxh4 46.Qe8+ Kg7 47.Qd7 a5 48.f4 Qe3 49.Kg2 a4 50.f5 Qg3+
51.Kf1 Qf3+ 52.Kg1 Qxg4+ 53.Kf1 a3 54.Qd5 a2 55.Qxa2 Qd1+ 56.Kg2 Qxd3 57.fxg6 Qxg6+
58.Kf1 f5 59.Qd2 Bf6  0-1

[Event "TCh-BEL 2011-12"]
[Site "Belgium BEL"]
[Date "2012.02.12"]
[Round "8.4"]
[White "Decoster,F"]
[Black "Hautot,S"]
[Result "1-0"]
[WhiteElo "2316"]
[BlackElo "2405"]

1.e4 d6 2.d4 Nf6 3.Nc3 Nbd7 4.Nf3 e5 5.Bc4 Be7 6.O-O O-O 7.Re1 c6 8.a4 b6
9.Bg5 a6 10.Bxf6 Bxf6 11.d5 c5 12.Ne2 g6 13.Ng3 Bg7 14.Bd3 Nb8 15.Nd2 Ra7
16.c3 f5 17.b4 f4 18.Ngf1 g5 19.Be2 Rf6 20.bxc5 bxc5 21.Rb1 Nd7 22.Bg4 Bf8
23.Nc4 Rg6 24.Bf5 Rg7 25.Rb2 Qc7 26.Qd3 Nf6 27.Bxc8 Qxc8 28.Rb6 Qd7 29.Nxe5 Qxa4
30.Nc4 Nd7 31.Rbb1 Ne5 32.Nxe5 dxe5 33.Nd2 g4 34.Nc4 Qe8 35.d6 Qe6 36.Red1 Rad7
37.Qd5 Qxd5 38.Rxd5 Rg5 39.Rbd1 Kf7 40.Nxe5+ Rxe5 41.Rxe5 Rxd6 42.Rxd6 Bxd6
43.Rd5 Ke6 44.f3 gxf3 45.gxf3 a5 46.c4 a4 47.Rd3 Ke5 48.Kf2 a3 49.Rxa3 Kd4
50.Ra4 Kc3 51.Ke2 Be5 52.Ra7 h5 53.Rh7 Kxc4 54.Rxh5 Bd4 55.Rd5 Be3 56.Rd3 Kb4
57.Kd1 c4 58.Rd7 Kb3 59.h4 c3 60.Rb7+ Kc4 61.Kc2  1-0

[Event "TCh-CZE Liga 1 Zapad"]
[Site "Czech Rep CZE"]
[Date "2012.02.12"]
[Round "8.2"]
[White "Vavra,P1"]
[Black "Pribyl,Jo"]
[Result "1-0"]
[WhiteElo "2389"]
[BlackElo "2305"]

1.e4 d6 2.d4 Nf6 3.Nc3 e5 4.dxe5 dxe5 5.Qxd8+ Kxd8 6.Bg5 Bd6 7.O-O-O a6 8.f4 Nd7
9.Nf3 Ke8 10.Bc4 h6 11.Bh4 b5 12.Bb3 Bb7 13.Bxf6 gxf6 14.Nh4 Nc5 15.Bd5 Bxd5
16.Nxd5 exf4 17.Nxf6+ Kf8 18.Nf5 Rd8 19.e5 Be7 20.Nd5 Bg5 21.h4 f3+ 22.hxg5 fxg2
23.Rhg1 hxg5 24.Rxg2 Ne6 25.Rgg1 Rh2 26.Rh1  1-0

[Event "TCh-CZE Liga 1 Zapad"]
[Site "Czech Rep CZE"]
[Date "2012.02.12"]
[Round "8.3"]
[White "Novacek,Ja"]
[Black "Spacek,P"]
[Result "0-1"]
[WhiteElo "2138"]
[BlackElo "2398"]

1.d4 d6 2.e4 Nf6 3.Nc3 Nbd7 4.f4 e5 5.dxe5 dxe5 6.fxe5 Nxe5 7.Qxd8+ Kxd8
8.Bg5 c6 9.O-O-O+ Kc7 10.Nf3 Bd6 11.h3 Nh5 12.Bh4 Re8 13.Nd4 Bc5 14.g4 Bxd4
15.gxh5 Nf3 16.Bg3+ Be5 17.Bxe5+ Nxe5 18.Rg1 g6 19.h6 Be6 20.Rg3 Rad8 21.Re1 Kd6
22.Be2 Ke7 23.Nd1 f6 24.Ne3 Rd4 25.Bd3 Rxd3 26.cxd3 Nxd3+ 27.Kd2 Nxe1 28.b3 Kd6
29.Kxe1 Ke5 30.Ng4+ Bxg4 31.Rxg4 Rd8 32.Ke2 g5 33.h4 Rg8 34.Ke3 Rg6 35.Kf3 a5
36.a4 b5 37.axb5 cxb5 38.hxg5 fxg5 39.Rg1 g4+  0-1

[Event "Frauenbundesliga 2011-12"]
[Site "Germany GER"]
[Date "2012.02.12"]
[Round "9.4"]
[White "Sedina,E"]
[Black "Kalinina,O"]
[Result "1/2-1/2"]
[WhiteElo "2337"]
[BlackElo "2288"]

1.e4 d6 2.d4 Nf6 3.Nc3 e5 4.Nf3 Nbd7 5.Bc4 Be7 6.O-O O-O 7.a4 a6 8.Qe2 c6
9.Rd1 Qc7 10.h3 b6 11.Ba2 Bb7 12.Nh4 Rfe8 13.Qc4 Rf8 14.Nf5 Rae8 15.dxe5 Nxe5
16.Qd4 c5 17.Nxe7+ Qxe7 18.Qxd6 Nxe4 19.Qxe7 Rxe7 20.Nxe4 Bxe4 21.Bg5 Ree8
22.Rd6 Bxc2 23.Rxb6 Bxa4 24.Rxa6 Bd7 25.Bf4 Kh8 26.Rd1 Bb5 27.Ra5 Be2 28.Rb1 f6
29.Be3 Ra8 30.Rxa8 Rxa8 31.Bd5 Rd8 32.Be4 Nc4 33.Re1 Nxe3 34.fxe3 Rd2 35.Rc1 Rxb2
36.Rxc5 g6 37.Rc2  1/2-1/2

[Event "Frauenbundesliga 2011-12"]
[Site "Germany GER"]
[Date "2012.02.12"]
[Round "9.2"]
[White "Ohme,M"]
[Black "Kochetkova,J"]
[Result "1-0"]
[WhiteElo "2344"]
[BlackElo "2260"]

1.e4 d6 2.d4 Nf6 3.Nc3 e5 4.Nf3 Nbd7 5.Bc4 Be7 6.O-O O-O 7.Re1 a6 8.a4 b6
9.b3 Bb7 10.Bb2 c6 11.Bd3 Re8 12.Ne2 Bf8 13.Ng3 g6 14.Qd2 Bg7 15.c4 c5 16.d5 a5
17.Re2 Nb8 18.Rf1 Bc8 19.h3 Ra7 20.Nh2 Nbd7 21.Ree1 Qe7 22.Ne2 Rc7 23.Bc3 Ra7
24.Bb1 Qf8 25.Ng4 Nxg4 26.hxg4 Qe7 27.g3 h6 28.f3 Nf6 29.Kg2 Nh7 30.Rh1 Qg5
31.Qd1 Qe7 32.Rh4 Ng5 33.Reh1 Qf8 34.Bd2 Rae7 35.Qg1 f6 36.Nc3 Nf7 37.Bc2 Bd7
38.Qc1 Ng5 39.Qd1 Nf7 40.Rf1 Ng5 41.f4 Nf7 42.g5 h5 43.f5 fxg5 44.Rh2 Nh6
45.fxg6 Bf6 46.Qxh5 Ng4 47.Bxg5 Qg7 48.Rh4 Rf8 49.Nd1 Ree8 50.Rfh1 Bxg5 51.Qxg5 Rf6
52.Rh7  1-0

[Event "11th Aeroflot Open B"]
[Site "Moscow RUS"]
[Date "2012.02.13"]
[Round "7"]
[White "Deepan,C"]
[Black "Huang Qian"]
[Result "1-0"]
[WhiteElo "2495"]
[BlackElo "2389"]

1.d4 d6 2.e4 Nf6 3.Nc3 e5 4.Nf3 exd4 5.Nxd4 Be7 6.Be2 O-O 7.O-O Nc6 8.Nb3 Re8
9.f4 Bf8 10.Bf3 a5 11.a4 Be6 12.Be3 Nd7 13.Nd4 Nxd4 14.Bxd4 Nc5 15.Qd2 Bd7
16.b3 Bc6 17.Rfe1 b6 18.Rad1 Qc8 19.Nd5 Bxd5 20.exd5 Qd7 21.Be2 Qf5 22.Bf3 Qd7
23.Bc3 Rxe1+ 24.Rxe1 Re8 25.Rxe8 Qxe8 26.Qe1 Qxe1+ 27.Bxe1 Be7 28.Kf2 g5
29.Ke3 gxf4+ 30.Kxf4 Kg7 31.Kf5 Bf6 32.Bd2 Be5 33.h3 Kf8 34.Bd1 Bg3 35.c3 Nd3
36.Bc2 Ne5 37.b4 Bf2 38.Bb3 Ng6 39.Ke4 Ke7 40.Kd3 axb4 41.cxb4 Kd7 42.Ke2 Bd4
43.g3 Bg7 44.g4 Be5 45.Kf3 Bg7 46.Ke4 h6 47.a5 bxa5 48.bxa5 Kc8 49.Ba4 Ne7
50.Be8 Kb7 51.Bxf7 c6 52.dxc6+ Kxc6 53.Be8+ Kc7 54.Bf4 Kd8 55.a6 Nc8 56.Bb5 Kc7
57.Kd5  1-0

[Event "ch-ROU Men 2012"]
[Site "Sarata Monteoru ROU"]
[Date "2012.02.13"]
[Round "1.52"]
[White "Martian,D"]
[Black "Balea,Dumitru-Lucian"]
[Result "1-0"]
[WhiteElo "2074"]
[BlackElo "1490"]

1.e4 d6 2.d4 Nf6 3.Nc3 Nbd7 4.Nf3 g6 5.Bc4 Nb6 6.Bb3 e6 7.O-O Bg7 8.Qe2 c6
9.Bg5 Qc7 10.Rfe1 e5 11.dxe5 dxe5 12.a4 a5 13.Be3 O-O 14.Bxb6 Qxb6 15.Nxe5 Be6
16.Nc4 Qc7 17.h3 Nd7 18.Qe3 Rad8 19.Rad1 Ne5 20.Nxe5 Bxe5 21.Bxe6 fxe6 22.Ne2 Rxd1
23.Rxd1 Rd8 24.Rd3 Rxd3 25.Qxd3 Qd6 26.Nc1 Qxd3 27.Nxd3 Bd6 28.e5 Be7 29.f4 Kf7
30.Kf2 b5 31.b3 h6 32.g4 h5 33.Ke3 Bf8 34.Ke4 Be7 35.f5 exf5+ 36.gxf5 g5
37.f6 Bd8 38.Kf5 g4 39.e6+ Ke8 40.f7+ Kf8 41.Ne5 Be7 42.Ng6+ Kg7 43.Nxe7  1-0

[Event "11th Aeroflot Open A"]
[Site "Moscow RUS"]
[Date "2012.02.14"]
[Round "8"]
[White "Vallejo Pons,F"]
[Black "Bocharov,D"]
[Result "1/2-1/2"]
[WhiteElo "2705"]
[BlackElo "2611"]

1.e4 d6 2.d4 Nf6 3.Nc3 e5 4.dxe5 dxe5 5.Qxd8+ Kxd8 6.Nf3 Bd6 7.Be3 h6 8.O-O-O Ke7
9.Nd2 Be6 10.Nc4 Nbd7 11.Nxd6 cxd6 12.f3 a6 13.g4 Rac8 14.h4 Rxc3 15.bxc3 d5
16.exd5 Nxd5 17.Bd2 Rc8 18.c4 N5b6 19.g5 h5 20.Bb4+ Ke8 21.g6 Nxc4 22.gxf7+ Kxf7
23.Bh3 Nf6 24.Rd3 a5 25.Bd2 b5 26.Bxe6+ Kxe6 27.Rg1 Rc7 28.a3 Rf7 29.Rb3 Rb7
30.Rg2 Kf7 31.Rd3 Rc7 32.Kb1 Rc5 33.Bc1 Nd5 34.Rg5 b4 35.axb4 axb4 36.Bb2 g6
37.Rg1  1/2-1/2

[Event "11th Aeroflot Open B"]
[Site "Moscow RUS"]
[Date "2012.02.14"]
[Round "8"]
[White "Filipenko,A"]
[Black "Kabanov,N"]
[Result "1/2-1/2"]
[WhiteElo "2351"]
[BlackElo "2522"]

1.e4 d6 2.d4 Nf6 3.Nc3 e5 4.dxe5 dxe5 5.Qxd8+ Kxd8 6.Bc4 Ke8 7.Nf3 Bd6 8.Bg5 Nbd7
9.O-O a6 10.a4 b6 11.Nd2 h6 12.Bh4 g5 13.Bg3 Bb7 14.f3 c6 15.Rfd1 Ke7 16.Nf1 b5
17.Ba2 Bc5+ 18.Bf2 Bxf2+ 19.Kxf2 Nc5 20.Ne3 Bc8 21.b4 Nb7 22.Ne2 Nd6 23.Rd3 Rd8
24.Bb3 Be6 25.Bxe6 fxe6 26.Rda3 Rac8 27.axb5 axb5 28.Nc1 Rc7 29.Nd3 Nf7 30.Ra7 Rc8
31.Nc5 Nd7 32.Nd1 Nf6 33.Nb2 h5 34.Nbd3 h4 35.R1a6 Nd7 36.Nxd7 Rxd7 37.Nc5 Rxa7
38.Rxa7+ Kf6 39.h3 Kg7 40.Nd7 Kg6 41.Ke2 Kh5 42.Nc5 Nd6 43.Nxe6 Kg6 44.Rc7 Kf6
45.Rxc8 Nxc8 46.Nd8 Na7 47.Kd3 Ke7 48.Nb7 Nc8 49.Ke3 Kd7 50.Kf2 Ne7 51.Nc5+ Kd6
52.g3 Ng6 53.Nd3 Ke6 54.gxh4 Nxh4 55.Nc5+ Kf6 56.Nd7+ Ke6 57.Nb8 Kd6 58.Kg3 Ng6
59.Kg4 Nf4 60.Na6 Ke6 61.Nc5+ Kf6 62.Nd7+ Kg6 63.Nf8+ Kf7 64.Nh7 Kg6 65.Nxg5 Ng2
66.c3 Ne3+ 67.Kh4 Kf6 68.Nh7+ Kg7 69.Kg5 Kxh7 70.Kf6 Nc4 71.Ke6 Kg6 72.Kd7 Kg5
73.Kxc6 Na3 74.Kd5 Nc4 75.Kc5 Na3 76.Kd5  1/2-1/2

[Event "ch-Central Serbia 2012"]
[Site "Pozarevac SRB"]
[Date "2012.02.14"]
[Round "2.19"]
[White "Tosic,N"]
[Black "Ratkovic,Miloj"]
[Result "0-1"]
[WhiteElo "2214"]
[BlackElo "2172"]

1.e4 d6 2.d4 Nf6 3.Nc3 c6 4.Bc4 d5 5.Bb3 dxe4 6.Bg5 Bf5 7.Qe2 e6 8.O-O-O Nbd7
9.f3 Be7 10.Bxf6 exf3 11.Nxf3 Nxf6 12.Ne5 Nd5 13.Ne4 O-O 14.g4 Nf4 15.Qf3 Bxe4
16.Qxe4 Ng6 17.Nxg6 hxg6 18.h4 Bxh4 19.Rdf1 a5 20.g5 Bxg5+ 21.Kb1 Bh6 22.Rxf7 Rxf7
23.Qxe6 Qf6 24.Qe2 Kh7 25.a4 Qf3 26.Qe1 Rf4 27.Ka2 Re4 28.Qg1 Rae8  0-1

[Event "ch-ROU Women 2012"]
[Site "Sarata Monteoru ROU"]
[Date "2012.02.14"]
[Round "2.1"]
[White "Peptan,C"]
[Black "Dragomirescu,An"]
[Result "0-1"]
[WhiteElo "2425"]
[BlackElo "2240"]

1.e4 d6 2.d4 Nf6 3.Nc3 e5 4.Nf3 Nbd7 5.Rg1 g6 6.g4 Bg7 7.g5 Nh5 8.Be3 c6
9.Qd2 O-O 10.O-O-O Re8 11.dxe5 dxe5 12.Bh3 Qe7 13.Bg4 Nb6 14.Bxc8 Raxc8 15.Ne2 Nc4
16.Qc3 b5 17.Kb1 Nf4 18.Nc1 Ne6 19.h4 c5 20.h5 Nd4 21.Nh4 Nd6 22.hxg6 fxg6
23.f3 b4 24.Qe1 N6b5 25.Bd2 a5 26.c3 bxc3 27.Bxc3 Rb8 28.Nb3 a4 29.Na5 Qe6
30.Bxd4 Na3+ 31.Kc1 cxd4  0-1